| 000 | 00600nam a2200169 i 4500 | ||
|---|---|---|---|
| 001 | 104537 | ||
| 003 | ES-MaACL | ||
| 005 | 20230906183629.0 | ||
| 007 | t| | ||
| 008 | 051201s1978 sp ||||1| spa d | ||
| 100 | 1 |
_aMiner Otamendi, José Manuel. _981322 |
|
| 245 | 1 | 4 |
_aLos pueblos malditos _b: (agotes, pasiegos, vaqueiros de alzada, maragatos, chuetas) / _cJosé Manuel Miner Otamendi; introducción de Florencio Martínez Ruiz. |
| 260 |
_aMadrid : _bEspasa-Calpe, _c1978. |
||
| 300 |
_a160 p. ; _c17 cm. |
||
| 700 | 1 |
_aMartínez Ruiz, Florencio. _978387 |
|
| 852 |
_aES-MaACL _jA-9368 _bR.98980 |
||
| 999 |
_c104537 _d104537 |
||